000 00277nam a22001337a 4500
008 170807b xxu||||| |||| 00| 0 eng d
020 _a9781556483257
041 _aeng
080 _a004
100 _a33
101 _aSHKI
245 _aICD-9-CM
_cBROWN, F
942 _2udc
_cBK
999 _c22814
_d22814